000 00337nam a2200145Ia 4500
008 210716s1994 xx 000 0 und d
020 _a672304139
041 _aeng
082 _a006.42 WODR
100 _aWodaski, Ron.
245 _aMultimedia madness.
250 _a1
260 _aUSA
_bSAMS publishing
_c1994
300 _axlii,1100
999 _c180663
_d180663